Brezno Ev. kostol

Zobrazenie: V bielom orámovaní pohľad zo strany na kostol, pred ktorým je opadaný strom. V popredí je skupinky ľudí, za ktorými vpravo sú tri opadané stromy. Vľavo je stĺp elektrického vedenia, pri ktorom sú dvaja ľudia a jeden z nich sedí

Podrobná bibliografia
Médium: Pohľadnica
Jazyk:slovenčina
Fyzický popis:1 pohľadnica čiernobiela 15 x 9 cm
Vydavateľské údaje: V Brezne Telocvičná jednota Sokol [medzi 1920 a 1939?]
Predmet:

MARC

LEADER 00000nkm a2200000 a 4500
001 vtls011990969
003 SK-MaSNL
005 20260512125510.0
007 kp bo
008 231120q1920 xo g kuslo
015 |a SNBG 
035 |a urn:nbn:sk:snk-km00ei5h 
035 |a urn:nbn:sk:snk-km45xbm 
035 |a 18303237-7051-483F-A8C0-5EAD162D65BA 
040 |a SNK  |b slo  |c SNK  |e AACR2 
041 0 |a slo 
043 |a e-xo--- 
044 |a xo  |c SK 
072 7 |a 913  |x Regionálna geografia  |2 konspekt 
080 |a 913(437.6)  |2 2011 
080 |a 27‑523.42:274.5(439.22)  |2 2011 
080 |a (084.121)  |2 2011 
080 |a 721  |2 2011 
245 0 0 |a Brezno  |h grafika  |b Ev. kostol 
260 |a V Brezne  |b Telocvičná jednota Sokol  |c [medzi 1920 a 1939?]  |e V Prahe  |f Dr. Ed. Grégr a syn 
300 |a 1 pohľadnica  |b čiernobiela  |c 15 x 9 cm 
500 |a Názvové údaje prevzaté z obrazovej časti pohľadnice 
520 8 |a Zobrazenie: V bielom orámovaní pohľad zo strany na kostol, pred ktorým je opadaný strom. V popredí je skupinky ľudí, za ktorými vpravo sú tri opadané stromy. Vľavo je stĺp elektrického vedenia, pri ktorom sú dvaja ľudia a jeden z nich sedí 
650 0 7 |a budovy  |2 SNKPH  |9 1283 
650 0 7 |a evanjelické kostoly  |2 SNKPH  |9 86148 
651 7 |a Brezno (Slovensko)  |2 SNKPHgeo  |9 31403 
655 7 |a miestne pohľadnice  |2 SNKPH  |9 70510 
752 |a Slovensko  |d Brezno 
852 |a Slovenská národná knižnica 
958 |a GBN 
958 |a GC 
958 |a OND 
958 |a EUIPO 
999 |c 1038775  |d 1040705 
952 |a SNK  |b SNK  |y PREZ  |7 0  |p 17A1412231  |o snkSP 77814  |z Pohľadnica prešla poštou.  |0 0  |1 0  |4 0  |d 2020-09-07  |f 1  |l 0  |r 2026-02-24 14:16:38  |w 2026-02-24